000 00741nam a2200217Ii 4500
003 JO-AjNU
008 230605s9999||||xx |||||||||||||| ||und||
017 _a2004/4/763
040 _aJO-AjNU
_bara
_erda
_cJO-AjNU
041 _aara
050 1 4 _aDS145.M3 2004
100 3 _aتاليف عبدالله، محمد محمود,
_eauthor
_914625
245 0 0 _aبني صهيون بين الترسانة النووية والعقيدة القتالية
250 _aط1
264 3 1 _aعمان: الرواد للطباعة والنشر والتوزيع، 2004
300 _a80ص
336 _atext
_btxt
_2rdacontent
337 _aunmediated
_bn
_2rdamedia
338 _avolume
_bnc
_2rdacarrier
650 4 _aالصيونية-تاريخ
_914626
999 _aA3944
_c7512
_d7512